000 00319nam a22001337a 4500
008 131127t xxu||||| |||| 00| 0 eng d
020 _a978-0-87893-300-6
040 _aASAB
_cASAB
100 _aGeoffrey M. Cooper
_9311
245 _aThe Cell a Molecular Approach
250 _a5th Ed.
300 _a340
942 _2ddc
_cBK
999 _c16578
_d16578